<?xml version="1.0" encoding="UTF-8"?>
<record
    xmlns:xsi="http://www.w3.org/2001/XMLSchema-instance"
    xsi:schemaLocation="http://www.loc.gov/MARC21/slim http://www.loc.gov/standards/marcxml/schema/MARC21slim.xsd"
    xmlns="http://www.loc.gov/MARC21/slim">

  <leader>00756nam a22002417a 4500</leader>
  <controlfield tag="001"> 57790 </controlfield>
  <controlfield tag="003">UA-OsUOA</controlfield>
  <controlfield tag="005">20220515172742.0</controlfield>
  <controlfield tag="007">ta</controlfield>
  <controlfield tag="008">20060904b un ||||| |||| 00| 0 ukr d</controlfield>
  <datafield tag="040" ind1=" " ind2=" ">
    <subfield code="a">UA-OsUOA</subfield>
    <subfield code="b">ukr</subfield>
    <subfield code="c">UA-OsUOA</subfield>
    <subfield code="d">UA-OsUOA</subfield>
  </datafield>
  <datafield tag="041" ind1=" " ind2=" ">
    <subfield code="a">ukr</subfield>
  </datafield>
  <datafield tag="080" ind1=" " ind2=" ">
    <subfield code="a">57.087.1</subfield>
  </datafield>
  <datafield tag="090" ind1=" " ind2=" ">
    <subfield code="a">57.087.1</subfield>
    <subfield code="b">&#x410;92</subfield>
  </datafield>
  <datafield tag="100" ind1=" " ind2=" ">
    <subfield code="a">&#x410;&#x442;&#x440;&#x430;&#x43C;&#x435;&#x43D;&#x442;&#x43E;&#x432;&#x430; &#x41B;. &#x41E;.</subfield>
  </datafield>
  <datafield tag="245" ind1=" " ind2=" ">
    <subfield code="a">&#x411;&#x456;&#x43E;&#x43C;&#x435;&#x442;&#x440;&#x456;&#x44F;</subfield>
    <subfield code="b">&#x43F;&#x456;&#x434;&#x440;&#x443;&#x447;&#x43D;&#x438;&#x43A;</subfield>
    <subfield code="n">&#x447;. 2</subfield>
    <subfield code="p">&#x41F;&#x43E;&#x440;&#x456;&#x432;&#x43D;&#x44F;&#x43D;&#x43D;&#x44F; &#x433;&#x440;&#x443;&#x43F; &#x456; &#x430;&#x43D;&#x430;&#x43B;&#x456;&#x437;&#x443; &#x437;&#x432;'&#x44F;&#x437;&#x43A;&#x443;</subfield>
  </datafield>
  <datafield tag="260" ind1=" " ind2=" ">
    <subfield code="a">&#x425;&#x430;&#x440;&#x43A;&#x456;&#x432;</subfield>
    <subfield code="b">&#x420;&#x430;&#x43D;&#x43E;&#x43A;</subfield>
    <subfield code="c">2007</subfield>
  </datafield>
  <datafield tag="300" ind1=" " ind2=" ">
    <subfield code="a">176 &#x441;.</subfield>
  </datafield>
  <datafield tag="650" ind1=" " ind2="7">
    <subfield code="a">57 &#x411;&#x456;&#x43E;&#x43B;&#x43E;&#x433;&#x456;&#x447;&#x43D;&#x456; &#x43D;&#x430;&#x443;&#x43A;&#x438; &#x432; &#x446;&#x456;&#x43B;&#x43E;&#x43C;&#x443;</subfield>
    <subfield code="2">UDC</subfield>
  </datafield>
  <datafield tag="942" ind1=" " ind2=" ">
    <subfield code="c">BK</subfield>
    <subfield code="2">udc</subfield>
  </datafield>
  <datafield tag="955" ind1=" " ind2=" ">
    <subfield code="a">1</subfield>
  </datafield>
  <datafield tag="999" ind1=" " ind2=" ">
    <subfield code="c">343871</subfield>
    <subfield code="d">343871</subfield>
  </datafield>
  <datafield tag="952" ind1=" " ind2=" ">
    <subfield code="0">0</subfield>
    <subfield code="1">0</subfield>
    <subfield code="2">udc</subfield>
    <subfield code="4">0</subfield>
    <subfield code="7">0</subfield>
    <subfield code="a">101</subfield>
    <subfield code="b">101</subfield>
    <subfield code="d">2009-01-05</subfield>
    <subfield code="e">2/2009</subfield>
    <subfield code="g">5.00</subfield>
    <subfield code="i">118264</subfield>
    <subfield code="l">0</subfield>
    <subfield code="o">57.087.1 &#x410;92</subfield>
    <subfield code="p">118264</subfield>
    <subfield code="r">2021-12-24 00:00:00</subfield>
    <subfield code="w">2006-09-04</subfield>
    <subfield code="y">BK</subfield>
  </datafield>
</record>
